[Event "34th Chess Olympiad (women)"]
[Site "Istanbul"]
[Date "2000.11.07"]
[Round "10.31.2"]
[White "Watai, Miyoko"]
[Black "Sirletti, Sonia"]
[WhiteElo "2000"]
[BlackElo "2000"]
[WhiteCountry "JPN"]
[BlackCountry "ITA"]
[Result "1-0"]

1. d4 Nf6 2. Nf3 g6 3. e3 Bg7 4. b3 d6 5. Bb2 O-O 6. Bd3 c5 7. dxc5 dxc5 
8. O-O Nc6 9. Qe2 Qc7 10. h3 e5 11. Nc3 a6 12. Rfd1 Re8 13. e4 Nd4 
14. Nxd4 exd4 15. Nb1 Bf5 16. Nd2 Nh5 17. Qf3 Be6 18. a4 Re7 19. Rab1 Rae8 
20. Ba3 Bd7 21. Bb2 Bc6 22. g4 Nf4 23. Re1 h5 24. Bc1 hxg4 25. hxg4 Be5 
26. Nc4 Nxd3 27. cxd3 Kg7 28. Nxe5 Qxe5 29. Bf4 Qe6 30. Qg3 Rd7 31. Kg2 b5 
32. axb5 axb5 33. Rec1 c4 34. bxc4 bxc4 35. f3 cxd3 36. Rb2 Ba4 37. Rc5 f6 
38. Ra5 Qc6 39. Rd2 Qc3 40. Rxa4 g5 41. Bxg5 fxg5 42. Raa2 Ree7 43. Qe1 Rb7 
44. Qd1 Rb3 45. Qe1 Qc5 46. Qf2 Qc4 47. Qg3 Rc3 48. Qd6 Kf7 49. Ra5 Rc2 
50. Rf5+ Ke8 51. Qg6+ Kd7 52. Rd5+ Kc8 53. Qf5+ Kb7 54. Rb5+ Ka6 55. Rb2 Rc7 
56. Kg3 Rxd2 57. Rxd2 Rc6 58. Qxg5 Qb3 59. e5 Rc2 60. Qg6+ Ka5 61. Qxd3 Rc3 
62. Qf5 Qd5 63. e6 Rc5 64. Qxd5 Rxd5 65. f4 Kb6 66. e7 
1-0

[Event "34th Chess Olympiad (women)"]
[Site "Istanbul"]
[Date "2000.11.07"]
[Round "10.31.3"]
[White "Arnetta, Maria"]
[Black "Nakagawa, Emiko"]
[WhiteElo "2000"]
[BlackElo "2000"]
[WhiteCountry "ITA"]
[BlackCountry "JPN"]
[Result "1/2-1/2"]

1. e4 c6 2. d4 d5 3. Nc3 dxe4 4. Nxe4 Nd7 5. Ng5 Ngf6 6. Bc4 e6 7. Qe2 Nb6 
8. N5f3 Nxc4 9. Qxc4 Qd5 10. Qxd5 exd5 11. Bf4 Bf5 12. O-O-O O-O-O 13. Ne5 Be6 
14. Bg5 h6 15. Bxf6 gxf6 16. Nd3 Bd6 17. Ne2 Bf5 18. Ng3 Bg6 19. Ne2 Rde8 
20. Nef4 Re4 21. Nxg6 fxg6 22. c3 Rhe8 23. g3 Kc7 24. Rhe1 Rxe1 25. Rxe1 Rxe1+ 
26. Nxe1 Kd7 27. Kd2 Ke6 28. Ke3 Kf5 29. h3 h5 30. b3 g5 31. c4 b6 32. Nd3 dxc4 
33. bxc4 Ke6 34. a4 f5 35. f4 Be7 36. Ne5 gxf4+ 37. gxf4 Kd6 38. Nf7+ Ke6 
39. Ne5 Kd6 40. Nf3 Ke6 41. Nd2 a6 42. Nf3 Bf6 43. Kd3 
1/2-1/2

[Event "34th Chess Olympiad (women)"]
[Site "Istanbul"]
[Date "2000.11.07"]
[Round "10.32.1"]
[White "Evans-Quek, Deborah"]
[Black "Sanli, Emine"]
[WhiteElo "2150"]
[BlackElo "2000"]
[WhiteCountry "WLS"]
[BlackCountry "TURB"]
[Result "1-0"]

1. Nf3 d5 2. d3 Bg4 3. Nbd2 Nf6 4. h3 Bxf3 5. Nxf3 e6 6. c3 c6 7. Qc2 Qc7 
8. e4 Nbd7 9. exd5 cxd5 10. d4 Bd6 11. Bd3 a6 12. a4 Rc8 13. O-O Nf8 
14. Re1 Ng6 15. Bg5 Nf4 16. Bf5 O-O 17. Bxf6 exf5 18. Be5 g6 19. Qd2 f6 
20. Bxd6 Qxd6 21. Re3 Rfe8 22. Rae1 Re4 23. h4 Ne6 24. b4 Qc6 25. Qa2 Kg7 
26. Nd2 Rxe3 27. Rxe3 Kf7 28. h5 Nf4 29. hxg6+ hxg6 30. g3 Nh3+ 31. Kg2 Ng5 
32. f4 Ne6 33. Qb3 Nc7 34. Qd1 Re8 35. Rd3 Re7 36. Kf2 Qe8 37. a5 Qh8 
38. Nf3 Re4 39. Kg2 Qe8 40. Kf2 Nb5 41. Nd2 Re7 42. Nb3 Nd6 43. Nc5 Ne4+ 
44. Kg2 Nxc5 45. dxc5 Re1 46. Qf3 Re2+ 47. Kf1 Re4 48. Qd1 Qb5 49. Kf2 Qc4 
50. Rxd5 Re7 51. Rd3 Qe4 52. Rf3 Qc4 53. Qd2 Kg7 54. Rd3 Qe6 55. Rd6 Qe4 
56. Rd7 Qe6 57. Rd3 Qc6 58. Re3 Qe8 59. c4 Kf7 60. Qd5+ Kf8 61. Qd6 Kf7 
62. Rxe7+ Qxe7 63. Qxe7+ Kxe7 64. Ke3 Kd7 65. b5 Kc7 66. Kd4 Kd7 67. Kd5 g5 
68. bxa6 bxa6 69. c6+ Kc8 70. Kd6 gxf4 71. gxf4 Kd8 72. c7+ Kc8 73. c5 
1-0

[Event "34th Chess Olympiad (women)"]
[Site "Istanbul"]
[Date "2000.11.07"]
[Round "10.32.2"]
[White "Goler, Isil"]
[Black "Powell, Annie"]
[WhiteElo "2000"]
[BlackElo "2000"]
[WhiteCountry "TURB"]
[BlackCountry "WLS"]
[Result "0-1"]

1. d4 Nf6 2. c4 e6 3. Nc3 Bb4 4. Qc2 d5 5. e3 O-O 6. Nf3 Nbd7 7. Bd3 h6 
8. O-O b6 9. cxd5 exd5 10. a3 Bxc3 11. bxc3 Re8 12. Bb5 c5 13. Bc6 Rb8 
14. Ne5 Re6 15. Nxd7 Bxd7 16. Bxd7 Nxd7 17. Rd1 cxd4 18. cxd4 Rc8 19. Qb3 Nf6 
20. Bb2 Rec6 21. Rdc1 Ne4 22. Rxc6 Rxc6 23. Rc1 Qh4 24. Rc2 Rf6 25. g3 Qh5 
26. Qd3 Qf5 27. Bc3 Nxg3 28. Qxf5 Nxf5 29. Bb4 a5 30. Be1 Rd6 31. Kf1 Kf8 
32. Ke2 Ke7 33. Kd3 Nh4 34. f4 Nf5 35. Rc1 Kd7 36. Rc2 Re6 37. Bf2 Nd6 
38. a4 f5 39. Be1 Nc4 40. Re2 Kc6 41. Bf2 b5 42. axb5+ Kxb5 43. Be1 a4 
44. Bc3 a3 45. Ba1 Ka4 46. Bc3 Kb3 47. Ba1 a2 48. Re1 Ka3 49. Re2 Rb6 
50. Rg2 Rb1 51. Bc3 Nb2+ 
0-1

[Event "34th Chess Olympiad (women)"]
[Site "Istanbul"]
[Date "2000.11.07"]
[Round "10.32.3"]
[White "Wilson, Julie"]
[Black "Meseli, Perihan"]
[WhiteElo "2000"]
[BlackElo "2000"]
[WhiteCountry "WLS"]
[BlackCountry "TURB"]
[Result "0-1"]

1. d4 f5 2. g3 Nf6 3. Bg2 g6 4. Nf3 Bg7 5. b3 O-O 6. Bb2 d6 7. O-O c6 8. c4 Na6 
9. e3 h6 10. Nc3 Qe8 11. Rc1 e5 12. dxe5 dxe5 13. Qe2 e4 14. Nd4 Be6 
15. Rfd1 Rf7 16. a3 Nc5 17. Rc2 Rd7 18. Rcd2 Bf7 19. f3 Re7 20. Nc2 Nxb3 
21. Rd6 Nc5 22. a4 exf3 23. Bxf3 Nfe4 24. Bxe4 Nxe4 25. Nxe4 Rxe4 26. Bxg7 Kxg7 
27. Rd7 Re7 28. R7d4 Be6 29. Qd3 Qf7 30. Qc3 Qf6 31. Qb4 Qf7 32. Qc3 Kh7 
33. Rf1 Rd7 34. c5 Rxd4 35. exd4 Bd5 36. Ne3 Re8 37. Qd2 Qe6 38. Nxd5 Qxd5 
39. Rf4 g5 40. Rf1 Re4 41. Rd1 Qc4 42. Qb2 Qxa4 43. Qxb7+ Kg6 44. Qb1 Rxd4 
45. Rf1 Rd5 46. Qb8 Qd4+ 47. Rf2 Qxc5 48. Qe8+ Kg7 49. Kg2 Rd1 50. Qe2 Qd5+ 
51. Kh3 g4+ 52. Kh4 Qd8+ 53. Kh5 Qg5# 
0-1

[Event "34th Chess Olympiad (women)"]
[Site "Istanbul"]
[Date "2000.11.07"]
[Round "10.33.1"]
[White "Mohammed, Janer"]
[Black "Minnaar, Michelle"]
[WhiteElo "2000"]
[BlackElo "2062"]
[WhiteCountry "IRQ"]
[BlackCountry "RSA"]
[Result "1/2-1/2"]

1. d4 Nf6 2. c4 d6 3. Nf3 g6 4. Nc3 Bg7 5. Bg5 O-O 6. e4 a5 7. Be2 c6 
8. O-O Qc7 9. h3 h6 10. Be3 Nbd7 11. Qd2 Kh7 12. Rfd1 Re8 13. Rac1 Bf8 
14. Qc2 e5 15. dxe5 dxe5 16. Rd2 Bc5 17. Bxc5 Nxc5 18. Rcd1 Be6 19. Rd6 Nfd7 
20. Nh2 Nb6 21. b3 Rad8 22. Rxd8 Rxd8 23. Rxd8 Qxd8 24. Nf3 f6 25. Qd1 Qd7 
26. Qxd7+ Nbxd7 27. Ne1 Bf7 28. g4 Ne6 29. Nd3 Nd4 30. Bd1 Be6 31. Kg2 Kg7 
32. Kg3 f5 33. f4 Kf6 34. fxe5+ Nxe5 35. Nxe5 Kxe5 36. exf5 gxf5 37. Ne2 Nxe2+ 
38. Bxe2 fxg4 39. Bxg4 Bf7 40. Kh4 b5 41. cxb5 cxb5 42. Bh5 Be6 43. Bg4 Bf7 
44. Bh5 
1/2-1/2

[Event "34th Chess Olympiad (women)"]
[Site "Istanbul"]
[Date "2000.11.07"]
[Round "10.33.2"]
[White "Meyer, Marany"]
[Black "Jamal, Jawan"]
[WhiteElo "2087"]
[BlackElo "2000"]
[WhiteCountry "RSA"]
[BlackCountry "IRQ"]
[Result "0-1"]

1. e4 c6 2. d4 d5 3. exd5 cxd5 4. Bd3 Nc6 5. c3 Nf6 6. Bf4 Bg4 7. Ne2 e6 
8. O-O Bd6 9. f3 Bh5 10. Bxd6 Qxd6 11. Ng3 Bg6 12. f4 Bxd3 13. Qxd3 g6 
14. Nd2 O-O 15. Rf3 a6 16. Re1 b5 17. a3 Na5 18. h4 h5 19. Re5 Nc4 
20. Nxc4 bxc4 21. Qd2 Kh7 22. Qc2 Kg7 23. f5 exf5 24. Nxf5+ gxf5 25. Qxf5 Ng4 
26. Qxh5 Nxe5 27. dxe5 Qg6 28. Rf5 Qxh5 29. Rxh5 Rh8 30. Rg5+ Kf8 31. h5 Rb8 
32. Kf2 
0-1

[Event "34th Chess Olympiad (women)"]
[Site "Istanbul"]
[Date "2000.11.07"]
[Round "10.33.3"]
[White "Ameen, S."]
[Black "Frick, Denise"]
[WhiteElo "2152"]
[BlackElo "2000"]
[WhiteCountry "IRQ"]
[BlackCountry "RSA"]
[Result "0-1"]

1. d4 g6 2. Nf3 Bg7 3. e4 d6 4. Nc3 Nf6 5. Bg5 O-O 6. Qd2 Re8 7. O-O-O a6 
8. Bc4 b5 9. Bb3 c6 10. Bh6 b4 11. Bxg7 Kxg7 12. Ne2 Nxe4 13. Qe3 Nf6 14. h3 a5 
15. c3 Na6 16. Ng5 d5 17. Qe5 Nc7 18. Ba4 Ra6 19. g4 Kg8 20. Qf4 Ne6 
21. Nxe6 Bxe6 22. Qh6 Qb6 23. f3 Rb8 24. b3 Qd8 25. h4 Qf8 26. Qf4 h5 
27. gxh5 Nxh5 28. Qe5 Qh6+ 29. Kb2 bxc3+ 30. Kxc3 Rc8 31. Rhg1 Kh7 32. Qg5 f6 
33. Qd2 Qxd2+ 34. Kxd2 Bf7 35. Ke3 Ng7 36. Rg4 Rh8 37. Rdg1 Kg8 38. Nf4 Nf5+ 
39. Kd3 Nxh4 40. R4g3 g5 41. Ne2 Nf5 42. R3g2 Rh3 43. Rf2 Bh5 44. Rgf1 Kg7 
45. Kd2 Be8 46. Rg1 Rh4 47. Kd3 Bd7 48. Rfg2 Nh6 49. Ke3 Kf7 50. Rd1 Kg6 
51. Kf2 e5 52. Rd2 Nf5 53. dxe5 fxe5 54. Nc3 Ne7 55. Rg1 Rh2+ 56. Rg2 Rxg2+ 
57. Kxg2 Kf5 58. Kf2 Ra8 59. Kg3 Rh8 60. Rc2 Rc8 61. Nd1 e4 62. fxe4+ dxe4 
63. Rc5+ Kf6 64. Rxa5 Nf5+ 65. Kf2 g4 66. Nc3 Re8 67. Ne2 g3+ 68. Kg2 Rh8 
69. Rc5 Rh2+ 70. Kg1 Rxe2 71. Bxc6 Ne3 72. Bxe4 Re1# 
0-1

[Event "34th Chess Olympiad (women)"]
[Site "Istanbul"]
[Date "2000.11.07"]
[Round "10.34.1"]
[White "Lim, Jean Nie"]
[Black "Villegas, Meylin"]
[WhiteElo "2168"]
[BlackElo "2000"]
[WhiteCountry "MAS"]
[BlackCountry "CRC"]
[Result "1-0"]

1. e4 c6 2. d4 d5 3. exd5 cxd5 4. Bd3 Nc6 5. c3 Nf6 6. Bf4 Bg4 7. Qb3 Qc8 
8. Nd2 e6 9. Ngf3 Be7 10. O-O O-O 11. Ne5 Bh5 12. Bg5 Qc7 13. Rae1 Bg6 
14. Bxg6 hxg6 15. f4 a6 16. Re3 Nxe5 17. Bxf6 gxf6 18. fxe5 fxe5 19. Nf3 e4 
20. Ne5 Bd6 21. Rg3 b5 22. Rg5 Bxe5 23. dxe5 Qc5+ 24. Kh1 Kg7 25. Qd1 Rh8 
26. Qe1 Rad8 27. b4 Qa7 28. Rf6 Rh6 29. Rg4 d4 30. Rgf4 Rd7 31. cxd4 Qxd4 
32. Qf1 Qa7 33. Rxe4 Rh5 34. h3 Qc7 35. Qf4 Qc2 36. Rd4 Rxd4 37. Rxf7+ Kg8 
38. Rf8+ Kh7 39. Qf7+ Kh6 40. Rh8+ 
1-0

[Event "34th Chess Olympiad (women)"]
[Site "Istanbul"]
[Date "2000.11.07"]
[Round "10.34.2"]
[White "Ramirez, Karla"]
[Black "Lee, Samantha"]
[WhiteElo "2000"]
[BlackElo "2000"]
[WhiteCountry "CRC"]
[BlackCountry "MAS"]
[Result "1/2-1/2"]

1. e4 c5 2. Nc3 d6 3. g3 g6 4. Bg2 Bg7 5. d3 Nc6 6. f4 e6 7. Nf3 Nge7 
8. Be3 Rb8 9. O-O O-O 10. Qe2 Nd4 11. Qd2 Nec6 12. a3 Bd7 13. Rab1 a5 
14. Ne2 Qc7 15. c3 Nxf3+ 16. Bxf3 b6 17. Kg2 Ne7 18. g4 f5 19. h3 Bc6 
20. Ng3 Qb7 21. Rbe1 Rf7 22. Qc2 Rbf8 23. Bc1 Kh8 24. exf5 exf5 25. g5 d5 
26. Re6 Bd7 27. Ree1 Bc6 28. h4 Nc8 29. h5 Re8 30. hxg6 hxg6 31. Rh1+ Kg8 
32. Rxe8+ Bxe8 33. Kf1 Bc6 34. Qh2 d4 35. Bxc6 Qxc6 36. Qf2 Re7 37. c4 Re8 
1/2-1/2

[Event "34th Chess Olympiad (women)"]
[Site "Istanbul"]
[Date "2000.11.07"]
[Round "10.34.3"]
[White "Siti, Zulaikha"]
[Black "Vega, Carla"]
[WhiteElo "2000"]
[BlackElo "2000"]
[WhiteCountry "MAS"]
[BlackCountry "CRC"]
[Result "1-0"]

1. e4 c5 2. Nf3 d6 3. d4 cxd4 4. Nxd4 Nf6 5. Nc3 g6 6. Be3 Bg7 7. f3 O-O 
8. Qd2 Nc6 9. Bc4 Nd7 10. h4 Nb6 11. Bb3 Na5 12. Qd3 Nxb3 13. axb3 a6 
14. h5 Qc7 15. hxg6 fxg6 16. O-O-O Bd7 17. Bh6 Rf7 18. Nd5 Nxd5 19. exd5 Qa5 
20. c4 b5 21. Bxg7 Rxg7 22. Rde1 Rc8 23. Kb1 Qc7 24. cxb5 axb5 25. Rc1 Qb8 
26. Rxc8+ Qxc8 27. Rc1 Qb8 28. g4 Rf7 29. Nc6 Qb6 30. Qe4 Bxc6 31. dxc6 Qc7 
32. Qd5 Kg7 33. Rc3 Rf8 34. Qxb5 Rb8 35. Qc4 Rb6 36. Qd4+ Kg8 37. Qxb6 Qxb6 
38. c7 Qg1+ 39. Rc1 
1-0

[Event "34th Chess Olympiad (women)"]
[Site "Istanbul"]
[Date "2000.11.07"]
[Round "10.35.1"]
[White "Hind, Bahji"]
[Black "Hassan, Amina"]
[WhiteElo "2000"]
[BlackElo "2000"]
[WhiteCountry "MAR"]
[BlackCountry "UAE"]
[Result "1/2-1/2"]

1. d4 Nf6 2. c4 g6 3. Nc3 Bg7 4. e4 d6 5. h3 O-O 6. Nf3 e5 7. dxe5 dxe5 
8. Qxd8 Rxd8 9. Bg5 Re8 10. Nd5 Nxd5 11. cxd5 c6 12. Bc4 cxd5 13. Bxd5 Nc6 
14. Bxc6 bxc6 15. O-O Rb8 16. b3 f6 17. Be3 Rb7 18. Rac1 Bd7 19. Nd2 Bf8 
20. Nc4 c5 21. Rc2 Rc8 22. Rfc1 Bb5 23. Nb2 Rbc7 24. f3 Kf7 25. b4 c4 
26. Bd2 Ke8 27. a4 Bd7 28. Kf1 a6 29. Rxc4 Rxc4 30. Rxc4 Rxc4 
1/2-1/2

[Event "34th Chess Olympiad (women)"]
[Site "Istanbul"]
[Date "2000.11.07"]
[Round "10.35.2"]
[White "Hussain, Noora"]
[Black "Amina, Oubaaqua"]
[WhiteElo "2000"]
[BlackElo "2000"]
[WhiteCountry "UAE"]
[BlackCountry "MAR"]
[Result "1-0"]

1. e4 c5 2. c3 d5 3. exd5 Qxd5 4. d4 Nf6 5. Nf3 Nc6 6. Be2 Bf5 7. O-O Bxb1 
8. Rxb1 Qxa2 9. Be3 Rd8 10. Qc2 Ng4 11. Bb5 Nxe3 12. fxe3 Qe6 13. Qf2 f6 
14. c4 a6 15. d5 Qc8 16. Ba4 b5 17. cxb5 axb5 18. Bxb5 Rxd5 19. e4 Rh5 
20. e5 Qb7 21. Qxc5 Kd8 22. Bxc6 Qb3 23. Rfd1+ 
1-0

[Event "34th Chess Olympiad (women)"]
[Site "Istanbul"]
[Date "2000.11.07"]
[Round "10.35.3"]
[White "Kamal, Fatima"]
[Black "Hassan, Jawaher"]
[WhiteElo "2000"]
[BlackElo "2000"]
[WhiteCountry "MAR"]
[BlackCountry "UAE"]
[Result "1/2-1/2"]

1. e4 e5 2. Nf3 Nc6 3. Bb5 a6 4. Ba4 Nf6 5. O-O Be7 6. Re1 b5 7. Bb3 O-O 
8. a4 Bb7 9. axb5 axb5 10. Rxa8 Qxa8 11. d3 d6 12. Nc3 Na7 13. Be3 c5 
14. h3 Rc8 15. Ba2 Nc6 16. Bb3 Qa6 17. Qa1 Qb6 18. Nd5 Nxd5 19. Bxd5 Nb4 
20. Bxb7 Qxb7 21. Qd1 c4 22. dxc4 Rxc4 23. c3 Na6 24. Qd5 Qxd5 25. exd5 b4 
26. Nd2 Rc8 27. c4 f5 28. b3 f4 29. Bxf4 Ra8 30. Be3 Nb8 31. Ne4 Ra3 
32. Rb1 Kf7 33. Bd2 Na6 34. f4 exf4 35. Bxf4 Ke8 36. Nxd6+ Bxd6 37. Bxd6 Kd7 
38. Bf8 g6 39. Kf2 Ke8 40. Bd6 Kd7 41. Bf4 Nc5 42. Bd2 Ne4+ 43. Ke3 Nxd2 
44. Kxd2 Ra2+ 45. Kd3 Rxg2 46. Kd4 Rh2 47. Kc5 Rxh3 48. Kxb4 g5 49. c5 g4 
50. c6+ Kc7 51. Rd1 Kd6 52. Kc4 g3 53. b4 g2 54. Rg1 Rg3 55. Kb5 Rg4 
56. Ka5 Rg7 
1/2-1/2

[Event "34th Chess Olympiad (women)"]
[Site "Istanbul"]
[Date "2000.11.07"]
[Round "10.36.1"]
[White "Monterroso Ochoa, Karla"]
[Black "Gretarsdottir, Lilja"]
[WhiteElo "2000"]
[BlackElo "2000"]
[WhiteCountry "GUA"]
[BlackCountry "ISL"]
[Result "0-1"]

1. e4 c5 2. d4 cxd4 3. c3 dxc3 4. Nxc3 Nc6 5. Bc4 d6 6. Nf3 e6 7. O-O Nf6 
8. Qe2 Be7 9. Rd1 e5 10. h3 O-O 11. Bg5 Be6 12. Bb5 Qb6 13. Na4 Qc7 
14. Nc3 Rac8 15. Rac1 Qb8 16. Nd5 Bxd5 17. exd5 Nb4 18. Bxf6 Bxf6 19. Bc4 b5 
20. Bb3 Qb7 21. Qe4 a5 22. a3 Na6 23. Qf5 Be7 24. Nh2 g6 25. Qf3 Nc5 26. Bc2 b4 
27. Ng4 Bg5 28. Ne3 b3 29. Bb1 Na4 30. Qe2 Rxc1 31. Rxc1 Bxe3 32. Qxe3 Qxd5 
33. Be4 Qe6 34. Qd2 Rc8 35. Rb1 Nc5 36. Bd5 Qf5 37. Rc1 a4 38. Bf3 Qf6 
39. Bg4 Rd8 40. Qd5 Kg7 41. Rc4 h5 42. Be2 Rc8 43. Rc3 Qe6 44. Bc4 Qxd5 
45. Bxd5 f5 46. Kf1 Kf6 47. f3 Rc7 48. Ke2 Ra7 49. Rc4 Ne6 50. Kd2 Ra5 
51. Bc6 Rc5 52. Kc3 Rxc4+ 53. Kxc4 Nc5 54. Kb4 e4 55. fxe4 fxe4 56. Kc3 Ke5 
57. Be8 h4 58. Bxg6 Kf4 59. Bh5 Kg3 
0-1

[Event "34th Chess Olympiad (women)"]
[Site "Istanbul"]
[Date "2000.11.07"]
[Round "10.36.2"]
[White "Kristinsdottir, A"]
[Black "Martinez Porras, Ingrid"]
[WhiteElo "2025"]
[BlackElo "2104"]
[WhiteCountry "ISL"]
[BlackCountry "GUA"]
[Result "1/2-1/2"]

1. e4 e6 2. d4 d5 3. exd5 exd5 4. Bd3 Nc6 5. c3 Bd6 6. Nf3 Bg4 7. Qe2+ Nge7 
8. Bg5 f6 9. Bh4 Qd7 10. Nbd2 O-O-O 11. O-O-O Rde8 12. Bg3 Nf5 13. Qf1 Nxg3 
14. hxg3 Qf7 15. Bb5 Bd7 16. Re1 g6 17. Rxe8+ Rxe8 18. Qd1 h5 19. Qc2 Re7 
20. Nh4 f5 21. Nhf3 Qf6 22. Qb3 Be8 23. Bd3 Bf7 24. Bb5 Nd8 25. Re1 f4 
26. Rxe7 Qxe7 27. gxf4 Bxf4 28. Qd1 g5 29. g3 Bd6 30. Qe2 g4 31. Qxe7 Bxe7 
32. Ne5 Be6 33. Kd1 Nf7 34. Ng6 Kd8 35. Nxe7 Kxe7 36. Bd3 Kf6 37. Ke2 Ng5 
38. Ke3 Bf5 
1/2-1/2

[Event "34th Chess Olympiad (women)"]
[Site "Istanbul"]
[Date "2000.11.07"]
[Round "10.36.3"]
[White "Mazariegos Kummerfeld, Silvia"]
[Black "Larusdottir, Aldis"]
[WhiteElo "2034"]
[BlackElo "2000"]
[WhiteCountry "GUA"]
[BlackCountry "ISL"]
[Result "1/2-1/2"]

1. e4 c6 2. d3 d5 3. Nd2 e5 4. Ngf3 Bd6 5. g3 Nf6 6. Bg2 Bg4 7. h3 Bh5 
8. O-O Nbd7 9. Re1 Qc7 10. g4 Bg6 11. c3 O-O-O 12. b4 h5 13. g5 Nh7 14. h4 f6 
15. Nf1 Be7 16. Bh3 Kb8 17. Qe2 Ndf8 18. gxf6 Bxf6 19. Ng3 Re8 20. Bg5 Ne6 
21. Bxe6 Rxe6 22. Kg2 Qd8 23. Qe3 Bxg5 24. hxg5 Rf8 25. Rh1 Rf4 26. Nxh5 Rg4+ 
27. Ng3 Nxg5 
1/2-1/2

[Event "34th Chess Olympiad (women)"]
[Site "Istanbul"]
[Date "2000.11.07"]
[Round "10.37.1"]
[White "Tan, Winnie"]
[Black "Pacheco, Hilzandryly"]
[WhiteElo "2000"]
[BlackElo "2000"]
[WhiteCountry "SIN"]
[BlackCountry "PUR"]
[Result "1-0"]

1. e4 d5 2. exd5 Nf6 3. d4 Bg4 4. Nf3 Qxd5 5. Be2 Nc6 6. c4 Qf5 7. h3 Bxf3 
8. Bxf3 Qe6+ 9. Be3 Qxc4 10. Nd2 Qb5 11. Rc1 e6 12. a4 Qa6 13. Be2 Qa5 
14. Bb5 Bd6 15. Rxc6 bxc6 16. Bxc6+ Ke7 17. Bxa8 Rxa8 18. O-O Qd5 19. Qc2 h6 
20. Rb1 Kf8 21. b4 Nh5 22. b5 Nf4 23. Qc6 Qxc6 24. bxc6 Ne2+ 25. Kf1 Nc3 
26. Rb7 Nxa4 27. Nc4 Ke7 28. Nxd6 Kxd6 29. Bf4+ Kxc6 30. Rxc7+ Kd5 31. Rxf7 g5 
32. Be5 Nb6 33. Rb7 Nc4 34. Rb5+ Ke4 35. f3+ Kd3 36. Bg7 Ne3+ 37. Kf2 Nf5 
38. Be5 Nxd4 39. Ra5 Nb3 40. Ra6 h5 41. Kg3 Nc5 42. Ra3+ Kc4 43. h4 Kd5 
44. Bf6 g4 45. Ra5 Kc4 46. Kf4 gxf3 47. gxf3 Rf8 48. Kg5 Nd7 49. Bg7 Rxf3 
50. Kxh5 e5 51. Rxa7 Nc5 52. Re7 Nd3 53. Kg4 Re3 54. h5 Kd5 55. h6 Nf2+ 
56. Kf5 Rf3+ 57. Kg6 Rg3+ 58. Kf7 Rh3 59. Kg8 Ng4 60. h7 Nh6+ 
1-0

[Event "34th Chess Olympiad (women)"]
[Site "Istanbul"]
[Date "2000.11.07"]
[Round "10.37.2"]
[White "Martinez, Natiska"]
[Black "Xu, Yaping"]
[WhiteElo "2000"]
[BlackElo "2000"]
[WhiteCountry "PUR"]
[BlackCountry "SIN"]
[Result "1/2-1/2"]

1. d4 f5 2. e3 d6 3. f4 g6 4. Nf3 Bg7 5. Bd3 Nf6 6. Nbd2 O-O 7. O-O Nbd7 
8. c3 h6 9. b3 Kh7 10. Qe1 e5 11. Qh4 e4 12. Ng5+ Kg8 13. Ne6 Qe7 14. Nxf8 Qxf8 
15. Bc2 Kh7 16. Bb2 Nd5 17. Rae1 N7f6 18. h3 Ne7 19. c4 c6 20. Bd1 Kg8 
21. g4 Nh7 22. Rf2 Be6 23. Rg2 Kf7 24. gxf5 Nxf5 25. Qg4 Ne7 26. Qg3 Nf6 
27. Rf1 h5 28. Ba3 Qd8 29. f5 Bxf5 30. Bxd6 h4 31. Qh2 Qd7 32. Bxe7 Kxe7 
33. Qe5+ Kd8 34. Qh2 Bxh3 35. Rxg6 Bxf1 36. Qxh4 Kc7 37. Qf4+ Kb6 38. c5+ Ka6 
39. Qxf1+ b5 40. Qg2 Rg8 41. Nxe4 Bh6 42. Rxg8 Bxe3+ 43. Nf2 Nxg8 44. Qxg8 Qxd4 
45. Qc8+ Ka5 46. Qc7+ Kb4 47. Kg2 Bxf2 48. Bf3 Qxc5 49. Qf4+ Qd4 50. Qxd4+ Bxd4 
51. Bxc6 
1/2-1/2

[Event "34th Chess Olympiad (women)"]
[Site "Istanbul"]
[Date "2000.11.07"]
[Round "10.37.3"]
[White "Liu, Yang"]
[Black "Perez, Dolimar"]
[WhiteElo "2000"]
[BlackElo "2000"]
[WhiteCountry "SIN"]
[BlackCountry "PUR"]
[Result "0-1"]

1. d4 d5 2. c4 c6 3. Nc3 Nf6 4. Nf3 e6 5. Bg5 Bd6 6. e3 Nbd7 7. Bd3 O-O 
8. O-O e5 9. dxe5 Nxe5 10. Nxe5 Bxe5 11. Qc2 h6 12. Bh4 d4 13. exd4 Qxd4 
14. Bxf6 Bxf6 15. Rad1 Qh4 16. Ne4 Be5 17. Ng3 f5 18. h3 f4 19. Ne4 f3 
20. Ng3 fxg2 21. Kxg2 Bxh3+ 22. Kg1 Bxg3 23. fxg3 Qxg3+ 24. Kh1 Bxf1 
0-1

[Event "34th Chess Olympiad (women)"]
[Site "Istanbul"]
[Date "2000.11.07"]
[Round "10.38.1"]
[White "Mendes, Alves"]
[Black "Smith, Vivian"]
[WhiteElo "2000"]
[BlackElo "2000"]
[WhiteCountry "ANG"]
[BlackCountry "NZL"]
[Result "1/2-1/2"]

1. e4 c5 2. Nf3 e6 3. d4 cxd4 4. Nxd4 a6 5. Bd3 d6 6. O-O Nf6 7. Nc3 Be7 
8. Be3 Qc7 9. Qd2 O-O 10. Rae1 Nbd7 11. Bg5 b5 12. f4 Bb7 13. Kh1 Rfe8 
14. a3 Rac8 15. f5 e5 16. Nf3 Nb6 17. Qf2 Nc4 18. Bxc4 Qxc4 19. Bxf6 Bxf6 
20. Qb6 Qc7 21. Qxc7 Rxc7 22. Rd1 
1/2-1/2

[Event "34th Chess Olympiad (women)"]
[Site "Istanbul"]
[Date "2000.11.07"]
[Round "10.38.2"]
[White "Mikhailik, Eleonora"]
[Black "Afonso, Vieira"]
[WhiteElo "2000"]
[BlackElo "2000"]
[WhiteCountry "NZL"]
[BlackCountry "ANG"]
[Result "1/2-1/2"]

1. e4 e6 2. d4 Nf6 3. e5 Nd5 4. f4 d6 5. Nf3 Nc6 6. c3 a6 7. Bd3 Be7 8. O-O f5 
9. Kh1 O-O 10. Ne1 Bd7 11. Qh5 Be8 12. Qh3 Bf7 13. g4 Bg6 14. g5 b5 15. Qg2 Qe8 
16. h4 Bh5 17. Be2 Bxe2 18. Qxe2 g6 19. Rf3 Rf7 20. Rh3 Rg7 21. Ng2 Nd8 
22. Nd2 Rc8 23. Nf3 c5 24. Bd2 cxd4 25. Nxd4 Bf8 26. Re1 dxe5 27. Qe3 e4 
28. Qxe4 Re7 29. Qe5 Bg7 30. Qe2 Qc6 31. Kh2 Nf7 32. Rd3 h5 33. Rd1 Rce8 
34. Bc1 Nb6 35. Qf3 Qxf3 36. Rxf3 
1/2-1/2

[Event "34th Chess Olympiad (women)"]
[Site "Istanbul"]
[Date "2000.11.07"]
[Round "10.38.3"]
[White "Conceicao Venancio, Maria"]
[Black "Courtney, Helen"]
[WhiteElo "2000"]
[BlackElo "2000"]
[WhiteCountry "ANG"]
[BlackCountry "NZL"]
[Result "0-1"]

1. d4 Nf6 2. c4 e6 3. Nc3 Bb4 4. Bg5 h6 5. Bh4 Be7 6. Nf3 d5 7. e3 b6 
8. cxd5 exd5 9. Rc1 O-O 10. Bd3 Re8 11. O-O Bb7 12. Re1 Ne4 13. Bxe7 Rxe7 
14. Nd2 Nd7 15. Ndxe4 dxe4 16. Bb1 Nf6 17. a3 Rd7 18. Qa4 Qe7 19. d5 Bxd5 
20. Nxd5 Rxd5 21. Qc6 Rc8 22. Qb7 Qd8 23. Qxa7 c5 24. Qa4 Rd2 25. Red1 b5 
26. Rxd2 Qxd2 27. Qc2 Rd8 28. Qxd2 Rxd2 29. b3 Rb2 30. Bc2 Nd7 31. Bxe4 Rxb3 
32. Bc6 Nb6 33. h3 c4 34. Ra1 c3 35. Be4 Rb2 36. Rc1 Na4 37. Bc2 Nc5 
38. Kf1 Nb3 39. Bxb3 Rxb3 40. Ke1 Rxa3 41. Rc2 b4 42. Kd1 f6 43. f3 Ra1+ 
44. Ke2 b3 45. Rxc3 b2 
0-1

[Event "34th Chess Olympiad (women)"]
[Site "Istanbul"]
[Date "2000.11.07"]
[Round "10.39.1"]
[White "Zepeda, Sonia"]
[Black "Mak, Sharon"]
[WhiteElo "2046"]
[BlackElo "2000"]
[WhiteCountry "ESA"]
[BlackCountry "MAC"]
[Result "1-0"]

1. e4 e5 2. Bc4 Nf6 3. Qe2 Bc5 4. Nf3 O-O 5. d3 Nc6 6. c3 Re8 7. Bb3 d5 
8. Nbd2 Bg4 9. h3 Bh5 10. Nf1 d4 11. g4 Bg6 12. Ng3 h6 13. Nf5 Nh7 
14. N3h4 Bxf5 15. Nxf5 Ng5 16. h4 Ne6 17. g5 hxg5 18. hxg5 Nxg5 19. Qh5 Nf3+ 
20. Qxf3 g6 21. Nh6+ 
1-0

[Event "34th Chess Olympiad (women)"]
[Site "Istanbul"]
[Date "2000.11.07"]
[Round "10.39.2"]
[White "Lee, Wing"]
[Black "Pastor, Tahnya"]
[WhiteElo "2000"]
[BlackElo "2000"]
[WhiteCountry "MAC"]
[BlackCountry "ESA"]
[Result "1-0"]

1. e4 c5 2. Nf3 Nc6 3. d4 cxd4 4. Nxd4 g6 5. Nc3 Bg7 6. Be3 Nf6 7. Be2 O-O 
8. Qd2 d5 9. f3 dxe4 10. Nxc6 bxc6 11. fxe4 Be6 12. Rd1 Qa5 13. O-O Rfd8 
14. Qe1 Rxd1 15. Bxd1 Bxa2 16. b3 Ne8 17. Na4 Qb5 18. Qf2 Bxb3 19. cxb3 Nd6 
20. Nc5 Qb4 21. Be2 a5 22. Bd1 f5 23. exf5 Nxf5 24. Ne6 Bf6 25. Bc5 Qc3 
26. Kh1 Bh4 27. Qc2 Qe5 28. Nf4 Rf8 29. Qc4+ Kh8 30. g4 Nd6 31. Bxd6 exd6 
32. Nxg6+ hxg6 33. Rxf8+ Kg7 34. Qf7+ Kh6 35. Qf4+ Qxf4 36. Rxf4 Kg5 
37. Ra4 Be1 38. Bf3 c5 39. Kg2 Kh4 40. Bd5 Bb4 41. h3 Kg5 
1-0

[Event "34th Chess Olympiad (women)"]
[Site "Istanbul"]
[Date "2000.11.07"]
[Round "10.39.3"]
[White "Osorio, Lorena"]
[Black "Dylis Ma, Pui"]
[WhiteElo "2000"]
[BlackElo "2000"]
[WhiteCountry "ESA"]
[BlackCountry "MAC"]
[Result "1-0"]

1. e4 e5 2. Bc4 Nc6 3. Nf3 Be7 4. c3 d6 5. Bb3 h6 6. d3 Bg4 7. Nbd2 Qd7 
8. Qe2 O-O-O 9. h3 Bh5 10. g4 Bg6 11. Nf1 Nf6 12. Ne3 Rhe8 13. Bd2 Nh7 
14. O-O-O Ng5 15. Nf5 Bxf5 16. gxf5 f6 17. Nxg5 hxg5 18. Be6 
1-0